Harry Potter and the sorcerer's (philosophers) stone / (Record no. 55255)

MARC details
000 -LEADER
fixed length control field 04638cgm a22006017a 4500
001 - CONTROL NUMBER
control field 13119906
005 - DATE AND TIME OF LATEST TRANSACTION
control field 20110302163542.0
007 - PHYSICAL DESCRIPTION FIXED FIELD--GENERAL INFORMATION
fixed length control field mr ||||f|||||||||------
007 - PHYSICAL DESCRIPTION FIXED FIELD--GENERAL INFORMATION
fixed length control field co |ga||||||||
008 - FIXED-LENGTH DATA ELEMENTS--GENERAL INFORMATION
fixed length control field 030311s2002 xxu161 mleng
010 ## - LIBRARY OF CONGRESS CONTROL NUMBER
LC control number DVD-008133-138
024 ## - OTHER STANDARD IDENTIFIER
Standard number or code 8903539705892
Terms of availability 399.00
035 ## - SYSTEM CONTROL NUMBER
System control number DVD-008133-138
040 ## - CATALOGING SOURCE
Original cataloging agency DLC
Transcribing agency DLC
Modifying agency DLC
Description conventions amim
082 ## - DEWEY DECIMAL CLASSIFICATION NUMBER
Classification number DVD HARR
245 00 - TITLE STATEMENT
Title Harry Potter and the sorcerer's (philosophers) stone /
Statement of responsibility, etc a Warner Bros. Pictures presentation /1492 Pictures production ; directed by David Yeats ; screenplay by Chris Columbus ; produced by David Heyman.
246 ## - VARYING FORM OF TITLE
Title proper/short title Harry Potter and the philosophers stone
257 ## - COUNTRY OF PRODUCING ENTITY FOR ARCHIVAL FILMS
Country of producing entity United States.
260 ## - PUBLICATION, DISTRIBUTION, ETC. (IMPRINT)
Place of publication, distribution, etc United States :
Name of publisher, distributor, etc Warner Bros. Pictures,
Date of publication, distribution, etc c2001.
260 ## - PUBLICATION, DISTRIBUTION, ETC. (IMPRINT)
Place of publication, distribution, etc Mumbai
Name of publisher, distributor, etc Reliance Big Entertainment,
Date of publication, distribution, etc c2011
270 ## - ADDRESS
Address Santacruz (E),
City Mumbai
300 ## - PHYSICAL DESCRIPTION
Extent 2 DVD (ca. 140 min.) :
Other physical details sd. (digital, DTS) ;
Dimensions 4 3/4 in.
Materials specified track.
306 ## - PLAYING TIME
Playing time 140 min
500 ## - GENERAL NOTE
General note Copyright: Miracle Productions, GmbH & Co. KG: motion picture. Prev. Novel prev. reg. 1999, TX 4-465-398 & TX 5-016-063; screenplay prev. pub. 2002, PAu 2-682-248. NM: motion picture including all audio, visual and other cinematographic material. DCR 2002; PUB 15Nov02; REG 6Dec02; PA1-105-748.
500 ## - GENERAL NOTE
General note Summary taken from Internet movie database WWW site.
500 ## - GENERAL NOTE
General note Based on the novel "Harry Potter and the Chamber of Secrets" by J. K. Rowling.
500 ## - GENERAL NOTE
General note The trailer for the feature, Kangaroo Jack, is attached to reel one.
Institution to which field applies DLC
500 ## - GENERAL NOTE
General note Six unattached trailers: [Daredevil, Agent Cody Banks, The jungle book 2, Johnny English, Lord of the rings: two towers, Daddy day care] received with feature.
Institution to which field applies DLC
500 ## - GENERAL NOTE
General note Sources used: copyright data base; copyright data sheet; Internet movie database 3/13/2003.
520 ## - SUMMARY, ETC.
Summary, etc Harry Potter is in his second year of Hogwarts School of Witchcraft and Wizardry. He is visited by a house-elf named Dobby and warned not to go back to Hogwarts. Harry ignores his warning, and returns. He is still famous, although still disliked by Snape, Malfoy, and the rest of the Slytherins. But then, strange things start to happen. People are becoming petrified, and no-one knows what is doing it. Harry keeps hearing a voice.. a voice which seems to be coming from within the walls. They are told the story of the Chamber of Secrets. It is said that only Salazar Slytherin's true descendent will be able to open it. Harry, it turns out, is a Parsel-tongue. This means that he is able to speak/understand snakes. Everyone thinks that it's him that has opened the Chamber of Secrets because that is what Slytherin was famous for.
650 #0 - SUBJECT ADDED ENTRY--TOPICAL TERM
Topical term or geographic name as entry element Potter, Harry (Fictitious character)
Form subdivision Drama.
9 (RLIN) 32526
650 #0 - SUBJECT ADDED ENTRY--TOPICAL TERM
Topical term or geographic name as entry element Granger, Hermione (Fictitious character)
Form subdivision Drama.
9 (RLIN) 32527
650 #0 - SUBJECT ADDED ENTRY--TOPICAL TERM
Topical term or geographic name as entry element Weasley, Ron (Fictitious character)
Form subdivision Drama.
9 (RLIN) 32528
655 #0 - INDEX TERM--GENRE/FORM
Genre/form data or focus term Fantasy films.
-- 32553
655 #0 - INDEX TERM--GENRE/FORM
Genre/form data or focus term Fiction films.
-- 32554
655 #0 - INDEX TERM--GENRE/FORM
Genre/form data or focus term Feature films.
-- 32555
700 1# - ADDED ENTRY--PERSONAL NAME
Personal name Columbus, Chris,
Relator term direction.
9 (RLIN) 32532
700 1# - ADDED ENTRY--PERSONAL NAME
Personal name Heyman, David,
Relator term production.
9 (RLIN) 32533
700 1# - ADDED ENTRY--PERSONAL NAME
Personal name Kloves, Steven,
Relator term writing.
9 (RLIN) 32534
700 1# - ADDED ENTRY--PERSONAL NAME
Personal name Radcliffe, Daniel,
Dates associated with a name 1989-
Relator term cast.
9 (RLIN) 32535
700 1# - ADDED ENTRY--PERSONAL NAME
Personal name Grint, Rupert,
Dates associated with a name 1988-
Relator term cast.
9 (RLIN) 32536
700 1# - ADDED ENTRY--PERSONAL NAME
Personal name Watson, Emma,
Dates associated with a name 1990-
Relator term cast.
9 (RLIN) 32537
700 1# - ADDED ENTRY--PERSONAL NAME
Personal name Harris, Richard,
Relator term cast.
9 (RLIN) 32538
710 2# - ADDED ENTRY--CORPORATE NAME
Corporate name or jurisdiction name as entry element Copyright Collection (Library of Congress)
Institution to which field applies DLC
9 (RLIN) 32539
942 ## - ADDED ENTRY ELEMENTS (KOHA)
Source of classification or shelving scheme Dewey Decimal Classification
Item type CD-ROMs, DVDs, VHS
Classification part DVD
Call number suffix HARR
Holdings
Withdrawn status Lost status Source of classification or shelving scheme Damaged status Not for loan Collection code Home library Current library Date acquired Source of acquisition Cost, normal purchase price Total Checkouts Full call number Barcode Date last seen Date last borrowed Copy number Cost, replacement price Price effective from Koha item type
    Dewey Decimal Classification     Fiction Central Library Central Library 11/08/2011 Pioneer/315/19.7.11/02/29.7.11 399.00 4 DVD HARR DVD-008133 10/12/2016 24/11/2016 1 399.00 11/08/2011 CD-ROMs, DVDs, VHS
    Dewey Decimal Classification     Fiction Karol Bagh Karol Bagh 11/08/2011 Pioneer/315/19.7.11/02/29.7.11 399.00 4 DVD HARR DVD-008136 03/06/2013 20/05/2013 1 399.00 11/08/2011 CD-ROMs, DVDs, VHS
    Dewey Decimal Classification     Fiction Narela Narela 11/08/2011 Pioneer/315/19.7.11/02/29.7.11 399.00 1 DVD HARR DVD-008138 09/03/2012 05/03/2012 1 399.00 11/08/2011 CD-ROMs, DVDs, VHS
    Dewey Decimal Classification     Fiction Patel Nagar Patel Nagar 11/08/2011 Pioneer/315/19.7.11/02/29.7.11 399.00 2 DVD HARR DVD-008134 23/05/2013 13/05/2013 1 399.00 11/08/2011 CD-ROMs, DVDs, VHS
    Dewey Decimal Classification     Fiction Sarojini Nagar Sarojini Nagar 11/08/2011 Pioneer/315/19.7.11/02/29.7.11 399.00 1 DVD HARR DVD-008135 03/10/2011 30/09/2011 1 399.00 11/08/2011 CD-ROMs, DVDs, VHS
    Dewey Decimal Classification     Fiction Shahdara Branch Shahdara Branch 11/08/2011 Pioneer/315/19.7.11/02/29.7.11 399.00   DVD HARR DVD-008137 11/08/2011   1 399.00 11/08/2011 CD-ROMs, DVDs, VHS

© Delhi Public Library
Hit Counter
free hit counter